000 01041cam a22002054a 4500
005 20250605164236.0
008 250528s ||||||||||||||||||||||||d
035 _a21133
020 _a9780127625453
040 _aGR-AtMCL
_bgre
_dGR-AtMCL
_eAACR2
245 1 _aThe ABCs of Learning Disabilities
250 _a1st
260 _bAldine Publishing Company,
_c1996
300 _a272
520 _aThis book discusses the concept of learning-disabled children, adolescents, and adults. Preface, History of Learning Disabilities, Defining Learning Disabilities, An Overview on Subtyping Research in Learning Disabilities, Research on Memory Processes in Children with Learning Disabilities, Social Aspects of Learning Disabilities, Metacognition and Learning Disabilities, Informal Assessment of Reading Problems, Arithmetic and Mathematics and Students with Learning Disabilities, Assessment and Instruction of Writing Skills, Epilogue, Index.
700 1 _aWong Bernice Y. L
_97164
942 _cBK
999 _c6201
_d6201